000
00354nam a2200133Ia 4500
003
GCL
008
140319s9999 xx 000 0 ara d
040
_a
GCL /
_c
GCL
082
0
4
_a
649
_b
س ع
245
1
0
_a
العناية بالحامل بدنيا ونفسيا
260
_a
[S.N] :
_b
المركز العربى الحديث
300
_a
166 ص
490
_a
999
_c
54989
_d
54989